000 00741nam a2200253Ia 4500
003 OSt
005 20220918214402.0
006 a|||||r|||| 00| 0
007 ta
008 220917b |||||||| |||| 00| 0 eng d
024 _a137,200
037 _cTextual
040 _aARTS
_cARTS
_beng
041 _2eng
_aeng
082 _aY:326.58.N, M1
100 _aLane Christel
_974839
245 0 _aRites of rulers
_b Ritual in industrial society The soviet case
260 _aCambridge
_bCambridge University Press
_c1981
300 _aix, 308p. illus
_ccm.
500 _aBibliography p291-302; Appendix p285-290
650 _aSOCIOLOGY
942 _hY:326.58.N, M1
_cTEXL
_2CC
999 _c260286
_d260286